000 00668nam a2200205Ia 4500
005 20221207112147.0
008 210716s2003 xx 000 0 und d
020 _a70486638
040 _cAIMIT LIBRARY
041 _aeng
082 _a005.1301
_21
_bHAMF
100 _aHam, Fredric M.
_964922
245 _aPrinciples of neurocomputing for science and engineering /
_cBy Fredric M. Ham and Ivics Kostanic.
250 _a1st ed.
260 _aNew Delhi :
_bTata McGraw Hill Publishing Company Ltd ,
_c2003.
300 _axxx,642p. ;
_bPB
_c23.8 cm
650 _aNeurocomputing.
_964923
700 _aKostanic, Ivica.
_964931
942 _2ddc
_cBK
_e1st
_k005.1301 HAMF
999 _c185666
_d185666